000 00687nam a2200253 i 4500
001 C2-0316431
003 PPAK
005 20180728112442.0
008 120725s2011 si a|||| ||||| | eng d
020 _a9789812458711
040 _aPPAK
_beng
_cPPAK
_erda
082 0 4 _a728
_223
090 0 0 _a728
_bTAN
_dR
100 1 _aTan, Hock Beng,
_eauthor
245 1 0 _aJourneys without maps
264 1 _aSingapore :
_bPage One Publishing ,
_c2011
300 _a255 pages :
_bcolour illustrations ;
_c30 cm
336 _2rdacontent
_atext
337 _2rdamedia
_aunmediated
338 _2rdacarrier
_avolume
650 1 0 _aArchitecture, Domestic.
700 _eauthor
942 _ddc
_cB
999 _c117567
_d117567